000 00710nam a22001937a 4500
999 _c11735
_d11735
003 AR-CdUCM
008 190404b ||||| |||| 00| 0 spa d
040 _aMUNICIPALIDAD PROVINCIAL DEL CUSCO
_cBIBLIOTECA MUNICIPAL DEL CUSCO
082 _aES / 985.009 /
_bP45
100 _aPerazzo, Nicolas
_929232
245 _aSánchez Carrión y Unanue :
_bMinistros del libertador /
260 _aCaracas :
_bOci,
_c1975.
300 _a251 paginas
_c23 cm.
505 _aContenido :Bolívar en el Perú -- Don José Faustino Sanchez Carrión -- El camino de Junín -- Don Hipólito Unanue -- La república ...
650 _aSimón Bolívar
_91694
650 _aBiografías
_9148
942 _2ddc
_cLIBROS
945 _arum